Capitals of Non-Countries #2 - Statistics

General Stats
  • This quiz has been taken 209 times
    135 since last reset
  • The average score is 7 of 14
Answer Stats
Place Capital % Correct
Greenland Nuuk
90%
Bavaria Munich
89%
Sicily Palermo
83%
New South Wales Sydney
83%
Andalusia Seville
77%
West Bengal Kolkata
57%
Tamil Nadu Chennai
44%
South Holland The Hague
44%
Xinjiang Urumqi
43%
Grand Est Strasbourg
39%
Lapland Rovaniemi
28%
South Sumatra Palembang
19%
Liaoning Shenyang
18%
Papua Jayapura
14%
No matching quizzes found
Score Distribution
Percent of People with Each Score
Percentile by Number Answered
Your Score History
You have not taken this quiz since the last reset